Vnější dimenze energetické bezpečnosti Evropské unie v oblasti zemního plynu - přístup k diverzifikaci dodavatelů

Využiteľnosť definícií energetickej bezpečnosti vo vzťahu k jej vonkajšej dimenzii s ohľadom na diverzifikáciu. Kvantifikovateľný prístup pre napĺňanie diverzifikácie v rámci vonkajšej dimenzie energetickej bezpečnosti EÚ. Stanovenie kritérií a metódy analýzy vplyvu zmien plynovodnej infraštruktúry...

Celý popis

Uložené v:
Podrobná bibliografia
Hlavný autor: Dubský, Zbyněk
Ďalší autori: Pavliňák, Daniel
Médium: Kapitola
Jazyk:Czech
Predmet:
Tagy: Pridať tag
Žiadne tagy, Buďte prvý, kto otaguje tento záznam!

MARC

LEADER 00000naa a2200000 4500
001 0249700
005 20190424132645.2
041 0 |a cze 
044 |a CZ 
245 1 0 |a Vnější dimenze energetické bezpečnosti Evropské unie v oblasti zemního plynu - přístup k diverzifikaci dodavatelů  |c Zbyněk Dubský, Daniel Pavliňák 
520 |a Využiteľnosť definícií energetickej bezpečnosti vo vzťahu k jej vonkajšej dimenzii s ohľadom na diverzifikáciu. Kvantifikovateľný prístup pre napĺňanie diverzifikácie v rámci vonkajšej dimenzie energetickej bezpečnosti EÚ. Stanovenie kritérií a metódy analýzy vplyvu zmien plynovodnej infraštruktúry do EÚ. Výpočet jednotlivých kritérií pre komparáciu variant plynovodu. Skladba indexu pre komoparáciu dodávateľských ciest do EÚ. Výpočet indexu pre komparáciu dodávateľských ciest do EÚ na príklade plynovodov Nord Stream 2 a TurkStream. 
610 2 0 |a energetika 
610 2 0 |a politika energetická 
610 2 0 |a bezpečnosť energetická 
610 2 0 |a zdroje energetické 
610 2 0 |a plyn zemný 
610 2 0 |a plynovody 
610 2 0 |a dodávatelia 
610 2 0 |a indexy 
610 2 0 |a Európska únia 
100 1 |a Dubský, Zbyněk 
700 1 |a Pavliňák, Daniel